000 00549nam a2200181 4500
001 13976
005 20230410102125.0
008 060907n2001 dr spa
020 _a9993485209
035 _9funglode14097
041 _aES
050 1 4 _a118 PQ 7400 P661p 2001
100 _aPiñeiro Iñíguez, Carlos
245 1 _aPasión por América :
_bensayos sobre Padro Henríquez Ureña /
_cCarlos Piñeiro Iñíguez
260 _aSanto Domingo :
_bEmbajada de la República Argentina,
_c2001
300 _a128 p.
942 _2lcc
_cbk
999 _c19517
_d19517